ACM Computing Reviews

Gespeichert in:
Bibliographische Detailangaben
Format: Schriftenreihe
Veröffentlicht: 1997
Tags: Tag hinzufügen
Keine Tags, Fügen Sie das erste Tag hinzu!

MARC

LEADER 00000nas a22000003a 4500
001 stu63979
005 20141122004913.3
008 011106s1997----------------------------d
040 |a STU  |b slo 
041 0
245 |a ACM Computing Reviews 
260 |c 1997 
500 |a 1-12 
500 |a 12 
773 0 |t ACM Computing Reviews :  |w stu_us_cat*stu59590  |x 0010-4884  |7 nnas 
996 |d Vol. 38, 1997  |v Vol. 38  |y 1997  |l EE0103  |s A  |a 24  |w stu63979_0001